The taxation of alternative land uses (Record no. 4472)

MARC details
000 -LEADER
fixed length control field 00806cab a2200217 4500
001 - CONTROL NUMBER
control field ABS37886
008 - FIXED-LENGTH DATA ELEMENTS--GENERAL INFORMATION
fixed length control field 090401t1987 xxu||||| |||| 00| 0 eng d
035 ## - SYSTEM CONTROL NUMBER
System control number (Sirsi) u7404
041 ## - LANGUAGE CODE
Language code of text/sound track or separate title eng
100 ## - MAIN ENTRY--PERSONAL NAME
Personal name Baird, A.
245 #4 - TITLE STATEMENT
Title The taxation of alternative land uses
260 ## - PUBLICATION, DISTRIBUTION, ETC.
Date of publication, distribution, etc. 1987
350 ## - PRICE (NR) (BK AM CF MU VM SE) [OBSOLETE]
Price 0
490 ## - SERIES STATEMENT
Series statement Tolley`s Practical Tax
Volume/sequential designation 8(12) 17 June 1987, 93-95(3)
520 ## - SUMMARY, ETC.
Summary, etc. Many farmers and landowners are seeking new sources of income as the structure of Britain`s agriculture changes. This article gives a summary of the tax implications of some alternative land uses such as alternative crops and livestock, forestry , sporting enterprises , tourism and share farming .
650 ## - SUBJECT ADDED ENTRY--TOPICAL TERM
Topical term or geographic name entry element DIVERSIFICATION
650 ## - SUBJECT ADDED ENTRY--TOPICAL TERM
Topical term or geographic name entry element FARMING
690 ## - LOCAL SUBJECT ADDED ENTRY--TOPICAL TERM (OCLC, RLIN)
Topical term or geographic name as entry element TAXATION
942 ## - ADDED ENTRY ELEMENTS (KOHA)
Suppress in OPAC 0
948 ## - LOCAL PROCESSING INFORMATION (OCLC); SERIES PART DESIGNATOR (RLIN)
c (OCLC) 04/03/1997
Holdings
Withdrawn status Lost status Source of classification or shelving scheme Damaged status Not for loan Home library Current library Shelving location Date acquired Total Checkouts Full call number Barcode Date last seen Copy number Price effective from Koha item type
    Dewey Decimal Classification     London London Journal article 14/09/1999   ABS37886 7404-1001 06/08/2019 1 06/08/2019 Journal article